000 00651nam a2200241Ia 4500
003 OSt
005 20221005024238.0
006 a|||||r|||| 00| 0
007 ta
008 221004b |||||||| |||| 00| 0 eng d
024 _a109582
037 _cTextual
040 _aCRL
_cCRL
_beng
041 _2eng
_aeng
082 _aY73.58, M6
100 _aKarklins Rasma
_9137585
245 0 _aEthnic relations in the USSR
_b The perspective from below
260 _aBoston
_bAllen and Unwin
_c1986
300 _axvi,256p.
_ccm.
650 _aSOCIOLOGY
942 _hY73.58, M6
_cTEXL
_2cc
999 _c932550
_d932550